000 00962cam a22002054a 4500
005 20250605164129.0
008 250528s ||||||||||||||||||||||||d
035 _a18567
020 _a500274126
040 _aGR-AtMCL
_bgre
_dGR-AtMCL
_eAACR2
245 1 _aObjects of Desire / Design and Society Since 1750 - with 272 Illustrations
260 _c1986
300 _a256
520 _aOne of the most significant contributions to design history in recent years. Introduction, Images of Progress, The First Industrial Designers, Design and Mechanization, Differentiation in Design, The Home, Design in the Office, Hygiene and Cleanliness, Electricity - The Fuel of the Future, Labor - Saving in the Home, Design and Corporate Identity, Design and Designers and the literature of Design, Bibliography, Acknowledgements, Index.
700 1 _aForty Adrian
_94829
700 1 _aThames And Hudson
_92417
942 _cBK
999 _c3916
_d3916